000 00734nam a2200253 i 4500
001 bg
100 1 _aKUCZYŃSKI, Anatol
245 1 0 _aZarys budownictwa ogólnego /
_cAnatol Kuczyński, Władysław Lenkiewicz.
250 _aWyd. 6.
260 _aWarszawa :
_bWydawnictwa Szkolne i Pedagogiczne,
_c1999.
300 _a259, [1] s. :
_brys., 1 wykr. ;
_c21 cm.
521 _aDla uczniów kl. I szkół zasadniczych.
650 9 _aBudownictwo
655 _aPodręczniki szkolne
700 1 _aLenkiewicz, Władysław
015 _aPB 3505/99
020 _a8302055875
040 _cBPK
041 0 _apol
080 _a69+624](075.3)
920 _a83-02-05587-5
942 _cKS
008 s pl f |000 0 pol
999 _c46978
_d46978
856 _uhttp://koha.tu.koszalin.pl/cgi-bin/koha/opac-detail.pl?biblionumber=46978
_yKatalog online BPK